_Guide to teacher certification testing( 6th ed) (Record no. 12641)
[ view plain ]
| 000 -LEADER | |
|---|---|
| fixed length control field | 00348nam a2200121Ia 4500 |
| 008 - FIXED-LENGTH DATA ELEMENTS--GENERAL INFORMATION | |
| fixed length control field | 151021s9999 xx 000 0 und d |
| 020 ## - INTERNATIONAL STANDARD BOOK NUMBER | |
| International Standard Book Number | 9.7807689232e+011 |
| 050 ## - LIBRARY OF CONGRESS CALL NUMBER | |
| Classification number | LB 1762 .G85 1985 |
| 245 ## - TITLE STATEMENT | |
| Title | _Guide to teacher certification testing( 6th ed) |
| 260 ## - PUBLICATION, DISTRIBUTION, ETC. (IMPRINT) | |
| Place of publication, distribution, etc. | New Jersey ARCO 1985 |
| 300 ## - PHYSICAL DESCRIPTION | |
| Extent | x,245p. |
| 980 ## - EQUIVALENCE OR CROSS-REFERENCE-SERIES STATEMENT--PERSONAL NAME/TITLE [LOCAL, CANADA] | |
| Personal name | ^d20120829 01:24:44^oanne |
No items available.